Estadísticas para Jugadores del Valencia CF desde el año 2000

Haz click aquí para intentar la prueba.

Estadísticas generales

  • Esta prueba ha sido intentada 282 veces
  • La puntuación promedio es 63 de 174

Estadísticas de respuestas

JugadorPaís% Correcto
VillaEspaña
85%
CañizaresEspaña
83%
GayáEspaña
81%
AlbeldaEspaña
78%
SilvaEspaña
78%
BarajaEspaña
74%
ParejoEspaña
74%
Rodrigo MorenoEspaña
68%
KondogbiaRepública Centroafricana
67%
MataEspaña
67%
Ferran TorresEspaña
66%
Diego AlvesBrasil
65%
AlcacerEspaña
63%
Carlos SolerEspaña
62%
Lee KangCorea del Sur
62%
SoldadoEspaña
60%
AimarArgentina
59%
Gabriel PaulistaBrasil
59%
Jaume DomenechEspaña
59%
MendietaEspaña
59%
Jordi AlbaEspaña
58%
MustafiAlemania
58%
OtamendiArgentina
58%
Tino CostaArgentina
58%
André GomesPortugal
57%
GuedesPortugal
57%
WassDinamarca
57%
AyalaArgentina
56%
CoquelinFrancia
56%
FeghouliArgelia
56%
NegredoEspaña
56%
VicenteEspaña
56%
ZazaItalia
56%
MarchenaEspaña
55%
MathieuFrancia
55%
CarboniItalia
54%
Joao CanceloPortugal
54%
JoaquínEspaña
54%
Maxi GómezUruguay
54%
Ricardo CostaPortugal
54%
DiakhabyFrancia
51%
Curro TorresEspaña
50%
GarayArgentina
50%
Jaume CostaEspaña
50%
AlbiolEspaña
49%
GameiroFrancia
49%
LatoEspaña
49%
GuardadoMéxico
48%
BanegaArgentina
46%
MiguelPortugal
46%
Pablo HernándezEspaña
46%
PiattiArgentina
46%
De PaulArgentina
43%
Kily GonzálezArgentina
43%
AnglomaFrancia
42%
AnguloEspaña
42%
CheryshevRusia
42%
GuillamónEspaña
42%
Juan SánchezEspaña
42%
Santi MinaEspaña
42%
JonasBrasil
41%
MistaEspaña
41%
PicciniItalia
41%
GuaitaEspaña
40%
MurilloColombia
40%
RyanAustralia
39%
AbdennourTurquia
38%
Aderlan SantosBrasil
38%
AdurizEspaña
38%
De Los SantosUruguay
38%
IscoEspaña
38%
MangalaFrancia
38%
MorientesEspaña
38%
TopalTurquía
38%
VargasChile
38%
CarewNoruega
37%
KeitaMali
37%
Andreas PereiraBrasil
36%
Javi FuegoEspaña
36%
Joao PereiraPortugal
36%
NaniPortugal
36%
PalopEspaña
36%
PellegrinoArgentina
36%
BakkaliBelgica
34%
BatshuayiBélgica
34%
BernatEspaña
34%
CanalesEspaña
34%
Enzo PerezArgentina
34%
IllieRumanía
34%
KluivertHolanda
34%
ValdezParaguay
34%
BarraganEspaña
33%
RufeteEspaña
33%
ZigicSerbia
33%
DjukicSerbia
31%
MaduroHolanda
31%
StankeviciusLituania
31%
David NavarroEspaña
30%
DeschampsFrancia
30%
Helder PostigaPortugal
30%
SissokoMali
30%
RamiFrancia
29%
SenderosSuiza
29%
ViettoArgentina
29%
MaksimovicSerbia
28%
Bruno SaltorEspaña
27%
Di VaioItalia
27%
FlorenziItalia
27%
HildebrandAlemania
27%
Manuel FernandesPortugal
27%
OrellanaChile
27%
AlexisEspaña
26%
MorettiItalia
26%
MunirEspaña
26%
OrbánArgentina
26%
Ruben VezoPortugal
26%
SobrinoEspaña
26%
Mario SuarezEspaña
25%
Del HornoEspaña
24%
Fede CartabiaArgentina
24%
Ivan HelgueraEspaña
24%
MontoyaEspaña
24%
Nacho GilEspaña
24%
Nacho VidalEspaña
24%
Rafa MirEspaña
24%
SunnyNigeria
24%
Javi GuerraEspaña
23%
ArizmendiEspaña
22%
DealbertEspaña
22%
GagoArgentina
22%
Manu VallejoEspaña
22%
MoyáEspaña
22%
YoelEspaña
22%
CissokhoFrancia
21%
DaniloBrasil
21%
MedránEspaña
21%
PabonColombia
21%
Chori DominguezArgentina
19%
CorradiItalia
19%
Jonathan VieraEspaña
19%
SiqueiraBrasil
19%
ButelleFrancia
18%
Carles GilEspaña
18%
Fabio AurelioBrasil
18%
MíchelEspaña
18%
XiscoEspaña
18%
BjorklundSuecia
17%
Diego AlonsoUruguay
17%
Filipe AugustoBrasil
17%
FioreItalia
17%
RomeuEspaña
17%
CaneiraPortugal
16%
SalvaEspaña
16%
CanobbioUruguay
15%
OliveiraBrasil
15%
ViniciusBrasil
15%
EduBrasil
14%
GavilánEspaña
14%
GuerreroEspaña
14%
Hugo VianaPortugal
14%
MillaEspaña
14%
SerbanRumanía
14%
TavanoItalia
14%
GarridoEspaña
13%
RegueiroUruguay
13%
Thierry CorreiraPortugal
13%
Jorge LópezEspaña
12%
ReveillereFrancia
12%
RuzEspaña
12%
PallardóEspaña
11%
RangelEspaña
11%
CerraEspaña
10%
LombánEspaña
10%
RocangliaArgentina
10%

Distribución de puntuación

Porcentaje por número respondido

Porcentaje de gente con cada puntuación

Historial de tus puntuaciones

No has intentado esta prueba.